OECD Reviews of Pension Systems: Portugal

Saved in:
Bibliographic Details
Format: Book
Language:English
Published: Paris OECD 2019
Series:OECD Reviews of Pension Systems
Subjects:
Tags: Add Tag
No Tags, Be the first to tag this record!

MARC

LEADER 00000nam a2200000 4500
001 0262811
005 20221220065012.6
020 |a 978-92-64-31372-9 
041 0 |a eng 
044 |a FR 
245 1 0 |a OECD Reviews of Pension Systems: Portugal 
264 1 |a Paris  |b OECD  |c 2019 
300 |a 162 s. 
490 1 |a OECD Reviews of Pension Systems 
830 0 |a OECD Reviews of Pension Systems 
610 2 0 |a penzie 
610 2 0 |a dôchodky 
610 2 0 |a systémy dôchodkové 
610 2 0 |a ochrana sociálna 
610 2 0 |a vek dôchodkový 
610 2 0 |a príjmy 
610 2 0 |a financovanie 
610 2 0 |a zabezpečenie dôchodkové 
610 2 0 |a trh práce 
610 2 0 |a porovnanie štatistické medzinárodné 
610 2 0 |a Portugalsko